书目信息

书名: 作物栽培 
作者: 四川省农牧科教处 主编
出版信息: 成都   四川科学技术出版社  1984.04
开本页数: 19cm  409页
丛书名:
单 册:
中图分类: S
科图分类:
主题词: 农业科学--栽培--技术教育--教材
电子资源:
ISBN:
000 00683nam0 2200241 45
001 0000134569
005 20060321212734.06
010    @dCNY1.10
091    @aCN@b16298.58
100    @a19950509d1984 em y0chiy0121 ea
101 @achi
102    @aCN@b510000
105    @ay z 000yy
200 10 @a作物栽培@Azuo wu zai pei@f四川省农牧厅科教处主编
210    @a成都@c四川科学技术出版社@d1984.04
215    @a409页@d19cm
300    @a四川省农业技术培训教材
606    @a农业科学@x栽培@x技术教育@x教材
690    @aS@v3
711 02 @a四川省农牧科教处@Asi chuan sheng nong mu ke jiao chu@4主编
801  2 @aCN@bNLC@c20060321
801  0 @aCN@b上海图书馆
905    @a10447@dS@e2255
    
    作物栽培/四川省农牧厅科教处主编.-成都:四川科学技术出版社,1984.04
    409页;19cm
    四川省农业技术培训教材
    
    ISBN :CNY1.10
    
相关链接 在五车中查询图书 在当当中查询图书 在豆瓣中查询图书


正题名:作物栽培     索取号:S/2255         预约/预借

序号 登录号 条形码 馆藏地/架位号 状态 备注
1 127637   201276378   海科密-1楼/51架8列6层/ [索取号:S/2255] 在馆    
2 127638   201276387   海科密-1楼/51架8列6层/ [索取号:S/2255] 在馆    
3 127639   201276396   海科密-1楼/51架8列6层/ [索取号:S/2255] 在馆    
4 127640   201276403   海科密-1楼/51架8列6层/ [索取号:S/2255] 在馆    
5 127641   201276412   海科密-1楼/51架8列6层/ [索取号:S/2255] 在馆    
6 127642   201276421   海科密-1楼/51架8列6层/ [索取号:S/2255] 在馆    
7 127643   201276430   海科密-1楼/51架8列6层/ [索取号:S/2255] 在馆    
8 130667   201306675   海科密-1楼/51架8列6层/ [索取号:S/2255] 在馆